Úvod

Monografický zborník vedeckých statí autorského kolektívu riešiteľov výskumného projektu VEGA, ktorý predstavuje ucelený pohľad na problematiku spoločenskej zodpovednosti a spoločensky zodpovedného správania podnikov.

Gespeichert in:
Bibliographische Detailangaben
1. Verfasser: Majdúchová, Helena, 1963-
Format: Buchkapitel
Sprache:Slowakisch
Schlagworte:
Tags: Tag hinzufügen
Keine Tags, Fügen Sie das erste Tag hinzu!

MARC

LEADER 00000naa$a2200000$$$4500
001 0144395
005 20240502072605.1
041 0 |a slo 
044 |a SK 
245 1 0 |a Úvod  |c Helena Majdúchová 
520 |a Monografický zborník vedeckých statí autorského kolektívu riešiteľov výskumného projektu VEGA, ktorý predstavuje ucelený pohľad na problematiku spoločenskej zodpovednosti a spoločensky zodpovedného správania podnikov. 
610 2 0 |a podnikanie 
610 2 0 |a stratégia podnikateľská 
610 2 0 |a podnik malý 
610 2 0 |a podnik stredný 
610 2 0 |a podnikanie zodpovedné 
610 2 0 |a zodpovednosť spoločenská 
100 1 |a Majdúchová, Helena, 1963-